000 00403nam a2200169Ia 4500
008 210210b1916 xxu||||| |||| 00| 0 eng d
041 _aeng
082 _a320/129
100 _aDAVIS (H W C)
245 _aAristotles politics
260 _aLondon
_bOxford University Press
_c1916
300 _a355
650 _apolitics
650 _aAristotles
690 _aPolitical Science
906 _a001879
999 _c117702
_d117702